书目信息 |
| 题名: |
壁画艺术
|
|
| 作者: | 郗海飞 著 | |
| 分册: | ||
| 出版信息: | 长春 吉林美术出版社 1996.07 |
|
| 页数: | 67页 | |
| 开本: | 27cm | |
| 丛书名: | 现代艺术设计丛书 | |
| 单 册: | ||
| 中图分类: | J218.6 | |
| 科图分类: | ||
| 主题词: | 壁画--bi hua--设计 | |
| 电子资源: | ||
| ISBN: | 7-5386-0570-3 | |
| 000 | 00796nam 2200253 450 | |
| 001 | 012008789552 | |
| 005 | 20080425142418.31 | |
| 010 | @a7-5386-0570-3@dCNY23.50 | |
| 100 | @a20080425d1996 km y0chiy0120 ea | |
| 101 | 0 | @achi |
| 102 | @aCN@b220000 | |
| 105 | @aa z 000yy | |
| 106 | @ar | |
| 200 | 1 | @a壁画艺术@Abi hua yi shu@f郗海飞著@Fxi hai fei zhu |
| 210 | @a长春@c吉林美术出版社@d1996.07 | |
| 215 | @a67页@c图 (部分彩图)@d27cm | |
| 225 | 2 | @a现代艺术设计丛书@Axian dai yi shu she ji cong shu |
| 330 | @a本书内容包括:壁画艺术概述,现状与发展,基本工艺简介,关于"装饰画"的断想。 | |
| 410 | 0 | @12001 @a现代艺术设计丛书 |
| 606 | 0 | @a壁画@Abi hua@x设计 |
| 690 | @aJ218.6@v4 | |
| 701 | 0 | @a郗海飞@Axi hai fei@4著 |
| 801 | 0 | @aCN@bQSSK@c20080425 |
| 905 | @b20705261-63@dJ534.1@eX136@f3 | |
| 壁画艺术/郗海飞著.-长春:吉林美术出版社,1996.07 |
| 67页:图 (部分彩图);27cm.-(现代艺术设计丛书) |
| ISBN 7-5386-0570-3:CNY23.50 |
| 本书内容包括:壁画艺术概述,现状与发展,基本工艺简介,关于"装饰画"的断想。 |
| ● |
| 相关链接 |
|
|
|
正题名:壁画艺术
索取号:J534.1/X136
 
预约/预借
| 序号 | 登录号 | 条形码 | 馆藏地/架位号 | 状态 | 备注 |
| 1 | 705261 | 207052614 | 社科库309/309社科库 89排4列4层/ [索取号:J534.1/X136] | 在馆 | |
| 2 | 705262 | 207052623 | 自科二线404/309社科库 93排1列6层/ [索取号:J534.1/X136] | 在馆 | |
| 3 | 705263 | 207052632 | 社科库309/309社科库 89排4列4层/ [索取号:J534.1/X136] | 在馆 |